01183cam a2200289 i 450000100090000000300050000900500170001400800410003101000170007202000240008904000290011304200080014205000200015008200150017010000230018524500460020824600470025425001640030126400480046530000610051333600260057433700280060033800270062850001480065550400510080365000390085418071720ASAB20180116115608.0140318s2014 moua b 001 0 eng  a 2013372094 a9780323083300 (hbk) aDLCbengerdacASABdDLC apcc00aQR67b.B37 201400a616.072231 aTille, Patricia M.10aBailey & Scott's diagnostic microbiology.3 aBailey and Scott's diagnostic microbiology aThirteenth edition /bPatricia M. Tille, PhD, MLS(ASCP), Program Director, Medical Laboratory Sciences, South Dakota State University, Brookings, South Dakota. 1aSt. Louis, Missouri :bElsevier Inccc2017. axii, 1038 pagesbillustrations (chiefly color) ;c29 cm. atextbtxt2rdacontent aunmediatedbn2rdamedia avolumebnc2rdacarrier aRevision of: Bailey & Scott's diagnostic microbiology / Betty A. Forbes, Daniel F. Sahm, Alice S. Weissfeld ; photography by Ernest A. Trevino. aIncludes bibliographical references and index. 0aDiagnostic microbiologyvTextbook.